[Event "London Classic Open 2016"]
[Site "London ENG"]
[Date "2016.12.12"]
[Round "5.37"]
[White "Bates, Caspar J"]
[Black "Soumya, Swaminathan"]
[Result "0-1"]
[BlackTitle "WGM"]
[WhiteElo "2156"]
[BlackElo "2384"]
[WhiteFideId "414760"]
[BlackFideId "5016193"]
[EventDate "2016.12.09"]

1. Nf3 d5 2. e3 Nf6 3. b3 Bf5 4. Bb2 e6 5. d3 Be7 6. Nbd2 O-O 7. Ne5 Nbd7 8. g4
Nxe5 9. gxf5 Bd6 10. Bh3 Qe7 11. Qe2 exf5 12. Bxf5 Ba3 13. O-O-O a5 14. d4 Nc6
15. c3 Ra6 16. Nb1 Bxb2+ 17. Qxb2 b5 18. Rhe1 Rb6 19. f3 Qd6 20. Qd2 Ne7 21. Bc2
Nh5 22. e4 Qf4 23. Qxf4 Nxf4 24. Nd2 Rh6 25. Nf1 Rh3 26. Re3 Neg6 27. c4 Ng2 28.
Re2 N6f4 29. Rf2 dxc4 30. bxc4 bxc4 31. Kb2 Nh4 32. Kc3 Rxf3+ 33. Rxf3 Nxf3 34.
Kxc4 Rb8 35. Rb1 Rxb1 36. Bxb1 g5 37. d5 h5 38. Kb5 g4 39. Kxa5 h4 40. e5 Nxd5
41. Bf5 Nxe5 42. a4 Ne7 43. Bb1 Kf8 44. Ka6 Ke8 45. Kb7 Kd8 46. a5 Nd7 47. Ba2
Nc5+ 48. Ka8 f5 49. Bc4 f4 50. a6 g3 51. hxg3 fxg3 52. Ne3 h3 53. Bf1 g2 54.
Bxg2 hxg2 55. Nxg2 Kc8 56. Nf4 Na4 0-1

[Event "London Classic Open 2016"]
[Site "London ENG"]
[Date "2016.12.12"]
[Round "5.40"]
[White "Sowray, Peter J"]
[Black "Johansson, Toni"]
[Result "1-0"]
[WhiteTitle "FM"]
[WhiteElo "2307"]
[BlackElo "2071"]
[WhiteFideId "400971"]
[BlackFideId "1703269"]
[EventDate "2016.12.09"]

1. d4 Nf6 2. c4 g6 3. Nc3 Bg7 4. e4 d6 5. Be2 O-O 6. Be3 e5 7. d5 c6 8. h3 Qa5
9. Qd2 cxd5 10. cxd5 Na6 11. Rb1 Bd7 12. Nf3 Rfc8 13. O-O Qd8 14. b4 Nh5 15.
Rfc1 Nf4 16. Nb5 Qf6 17. Rxc8+ Rxc8 18. Nxa7 Ra8 19. Bxa6 bxa6 20. Bxf4 exf4 21.
Nc6 g5 22. Qd4 Qh6 23. Qb6 Bxh3 24. Qb7 Rf8 25. gxh3 Qxh3 26. Rb3 g4 27. Qd7 Qh5
28. Nh2 g3 29. fxg3 Qd1+ 30. Kg2 Qe2+ 31. Kg1 Qd1+ 32. Nf1 Bd4+ 33. Nxd4 Qxd4+
34. Kg2 Qxe4+ 35. Rf3 Qe2+ 36. Rf2 Qe4+ 37. Kh2 f3 38. Qxd6 Qd4 39. Qc5 Qg4 40.
d6 Rc8 41. Qe5 Rc1 42. d7 Rd1 43. Qe8+ Kg7 44. d8=Q 1-0

[Event "London Classic Open 2016"]
[Site "London ENG"]
[Date "2016.12.12"]
[Round "5.41"]
[White "Karayiannis, Costas"]
[Black "Gomes, Mary Ann"]
[Result "0-1"]
[BlackTitle "WGM"]
[WhiteElo "2159"]
[BlackElo "2302"]
[WhiteFideId "405183"]
[BlackFideId "5013623"]
[EventDate "2016.12.09"]

1. d4 e6 2. c4 b6 3. Nc3 Bb7 4. e3 f5 5. Nge2 Nf6 6. Ng3 Be7 7. f3 h5 8. Qc2 g6
9. Bd2 c5 10. O-O-O Nc6 11. Nge2 Rc8 12. Kb1 Nb4 13. Qb3 Nd3 14. Be1 Nxe1 15.
Rxe1 cxd4 16. exd4 Qc7 17. Nb5 Qb8 18. Nec3 a6 19. Na3 Qd6 20. Nc2 Rc7 21. Bd3
Kf7 22. Na4 b5 23. cxb5 Bd5 24. Qa3 Qf4 25. Nc5 axb5 26. g3 Qd6 27. Nb4 Ra8 28.
Qc3 Bxf3 29. Rhf1 Nd5 30. Qd2 Nxb4 31. Rxf3 Qd5 32. Be4 Qxa2+ 33. Kc1 Qa1+ 34.
Bb1 Bxc5 35. dxc5 Rxc5+ 36. Rc3 Rd5 37. Qe3 Na2+ 38. Kc2 Nxc3 39. Qxc3 Qa6 0-1

[Event "London Classic Open 2016"]
[Site "London ENG"]
[Date "2016.12.12"]
[Round "5.42"]
[White "Ethelontis, Alexandros N"]
[Black "Paszewski, Mateusz"]
[Result "1/2-1/2"]
[WhiteElo "2133"]
[BlackElo "2281"]
[WhiteFideId "405469"]
[BlackFideId "1141058"]
[EventDate "2016.12.09"]

1. Nf3 d5 2. d4 Nf6 3. c4 e6 4. g3 Be7 5. Bg2 O-O 6. O-O c6 7. Nc3 Nbd7 8. b3 b6
9. Bb2 Bb7 10. Qc2 Qc7 11. e4 Nxe4 12. Nxe4 dxe4 13. Qxe4 Rfd8 14. Rfe1 Bf6 15.
Qc2 Nf8 16. Rad1 Ng6 17. h4 h6 18. h5 Ne7 19. Ne5 Bxe5 20. Rxe5 Rd7 21. Rde1
Rad8 22. Bh3 Rxd4 23. Bxd4 Rxd4 24. c5 Qd8 25. Bxe6 fxe6 26. Rxe6 Rd7 27. Qe4
Kf7 28. Qf4+ Kg8 29. Qe4 Kf7 1/2-1/2

[Event "London Classic Open 2016"]
[Site "London ENG"]
[Date "2016.12.12"]
[Round "5.43"]
[White "Woong, Zhi Wei William"]
[Black "Lercel, Michal"]
[Result "0-1"]
[WhiteTitle "CM"]
[WhiteElo "2000"]
[BlackElo "2266"]
[WhiteFideId "5804906"]
[BlackFideId "1114700"]
[EventDate "2016.12.09"]

1. e4 e5 2. Nf3 Nc6 3. Bb5 a6 4. Ba4 Nf6 5. O-O Be7 6. Re1 b5 7. Bb3 O-O 8. d4
Nxd4 9. Nxd4 exd4 10. e5 Ne8 11. c3 d6 12. Qf3 Ra7 13. cxd4 dxe5 14. dxe5 c5 15.
Nc3 Be6 16. Bc2 f5 17. exf6 Rxf6 18. Qe2 Bc4 19. Bb3 Nd6 20. Bxc4+ Nxc4 21. a4
Qd4 22. Bg5 Rf7 23. Rad1 Bxg5 24. Rxd4 cxd4 25. Qe8+ Rf8 26. Qe6+ Kh8 27. Qf5
Bf6 28. Nd5 g6 29. Qe6 Bg7 30. b3 Nb2 31. Nb4 d3 32. Qd5 Bc3 33. Rb1 d2 34. Rxb2
Bxb2 35. Qxd2 Bg7 36. g3 Raa8 37. Nc6 Rac8 38. axb5 axb5 39. Qd5 Rf5 40. Qd7
Rcf8 41. f4 Ra8 42. Nd4 Ra1+ 43. Kg2 Rd1 44. Qe8+ Rf8 45. Qxb5 Rxd4 46. b4 Rd2+
47. Kf3 Rxh2 48. Qb7 h5 49. Qe7 Kh7 50. b5 Rb2 51. Qb7 Rf5 0-1

[Event "London Classic Open 2016"]
[Site "London ENG"]
[Date "2016.12.12"]
[Round "5.44"]
[White "Cannon, Raymond C"]
[Black "Buchicchio, Giampaolo"]
[Result "0-1"]
[BlackTitle "FM"]
[WhiteElo "1942"]
[BlackElo "2262"]
[WhiteFideId "408018"]
[BlackFideId "811491"]
[EventDate "2016.12.09"]

1. e4 c5 2. Nc3 Nc6 3. Nge2 e6 4. d4 cxd4 5. Nxd4 Nf6 6. a3 d5 7. exd5 exd5 8.
Be2 Be7 9. O-O O-O 10. Bf4 Bc5 11. Nb3 Bb6 12. Bf3 Be6 13. Na4 Bc7 14. Bxc7 Qxc7
15. Nac5 Bf5 16. Nd4 Nxd4 17. Qxd4 Rac8 18. Nd3 Qxc2 19. Nb4 Qc5 20. Qf4 Be6 21.
g4 Qc4 22. Qxc4 Rxc4 23. h3 a5 24. Nd3 Rfc8 25. Rac1 Kf8 26. Kg2 h6 27. Kg3 Ne4+
28. Bxe4 dxe4 29. Rxc4 Bxc4 0-1

[Event "London Classic Open 2016"]
[Site "London ENG"]
[Date "2016.12.12"]
[Round "5.45"]
[White "O'Toole, George E"]
[Black "Disu, Kayode"]
[Result "1-0"]
[WhiteElo "2262"]
[BlackElo "1976"]
[WhiteFideId "412732"]
[BlackFideId "432849"]
[EventDate "2016.12.09"]

1. e4 c5 2. c3 d5 3. exd5 Qxd5 4. d4 Nf6 5. Nf3 Bg4 6. dxc5 Qxc5 7. Na3 a6 8.
Be3 Qc7 9. h3 Bh5 10. Nc4 Nbd7 11. g4 Bg6 12. Qe2 b5 13. Ncd2 e5 14. Bg2 Rd8 15.
Nh4 Be7 16. Nxg6 hxg6 17. O-O O-O 18. a4 Bc5 19. Rfe1 Rfe8 20. axb5 Bxe3 21.
Qxe3 axb5 22. Nb3 Nb6 23. Qc5 Qxc5 24. Nxc5 Rd2 25. Ra6 Nbd5 26. Rd6 Rc8 27. Ne4
Rxb2 28. Ng5 e4 29. Bxe4 Nxe4 30. Rxe4 Nf6 31. Re7 Re8 32. Rxf7 Ne4 33. Rxg6
Nxg5 34. Rgxg7+ Kh8 35. Rxg5 Re6 36. Rb7 Rh6 37. Rbxb5 Rxb5 38. Rxb5 Rxh3 39.
Rh5+ 1-0

[Event "London Classic Open 2016"]
[Site "London ENG"]
[Date "2016.12.12"]
[Round "5.46"]
[White "Ronka, Erik"]
[Black "Pein, Jonathan"]
[Result "1/2-1/2"]
[WhiteElo "2262"]
[BlackElo "1971"]
[WhiteFideId "505080"]
[BlackFideId "417092"]
[EventDate "2016.12.09"]

1. d4 Nf6 2. Nf3 g6 3. c4 Bg7 4. Nc3 O-O 5. e4 d6 6. Be2 e5 7. O-O exd4 8. Nxd4
Re8 9. f3 Nh5 10. g4 Nf6 11. Kh1 h5 12. g5 Nh7 13. Rg1 Nc6 14. Nxc6 bxc6 15. Be3
Nf8 16. Qd2 Bb7 17. Rae1 c5 18. Bf1 Rb8 19. b3 Ne6 20. Ne2 Qd7 21. Bg2 Ra8 22.
Bf2 a5 23. a4 Bc6 24. f4 Nf8 25. Nc1 Qc8 26. Nd3 Rb8 27. Qc2 Ne6 28. Rb1 Nd4 29.
Bxd4 Bxd4 30. Rge1 Qb7 31. e5 dxe5 32. Nxe5 Bxg2+ 33. Qxg2 Qxg2+ 34. Kxg2 Bxe5
35. fxe5 Rbd8 36. Re3 Rd4 37. h3 Re6 38. Rf1 Rd7 39. Kf3 Rd2 40. Kg3 Rd7 41. Rf6
Kg7 42. Kf3 Rd2 43. Kg3 Rd7 44. Rff3 Rde7 45. Kf4 Rd7 46. Rd3 Rxd3 47. Rxd3 Rb6
48. Ke4 Rb8 49. h4 c6 50. e6 Re8 51. Rd6 Rxe6+ 52. Rxe6 fxe6 53. Ke5 Kf7 54. Kd6
e5 55. Kxe5 Ke7 56. Ke4 Kd6 57. Kf4 Ke6 58. Ke4 Kd6 59. Kf4 1/2-1/2

[Event "London Classic Open 2016"]
[Site "London ENG"]
[Date "2016.12.12"]
[Round "5.47"]
[White "Eggleston, David J"]
[Black "Waddington, Mike P"]
[Result "1-0"]
[WhiteTitle "IM"]
[BlackTitle "FM"]
[WhiteElo "2399"]
[BlackElo "2078"]
[WhiteFideId "412120"]
[BlackFideId "410497"]
[EventDate "2016.12.09"]

1. e4 e5 2. Nf3 Nc6 3. Bc4 Bc5 4. c3 Nf6 5. d3 d6 6. b4 Bb6 7. Nbd2 O-O 8. O-O
Ne7 9. a4 a6 10. a5 Ba7 11. Re1 Ng6 12. Nf1 Ng4 13. d4 c6 14. Bg5 Qe8 15. h3 Nf6
16. Ng3 Nd7 17. Nf5 Bb8 18. Qd2 Kh8 19. Bh6 Rg8 20. Ng5 d5 21. Nxg7 Rxg7 22.
exd5 f6 23. Bxg7+ Kxg7 24. dxc6 fxg5 25. cxd7 Qxd7 26. Qxg5 h6 27. Qe3 exd4 28.
Qxd4+ Qxd4 29. cxd4 Bd7 30. Be6 Bc6 31. d5 Bb5 32. Re4 Bd6 33. Ra3 Re8 34. Rf3
Re7 35. Rc3 h5 36. h4 Rc7 37. Rxc7+ Bxc7 38. Bc8 b6 39. axb6 Bxb6 40. Re6 Bd4
41. d6 Nf8 42. Re7+ Kf6 43. Re4 Bb6 44. Rf4+ Kg7 45. Rf5 Bd4 46. Rxh5 Bf6 47.
Rd5 Bc4 48. Rc5 Bb5 49. Rc7+ 1-0

[Event "London Classic Open 2016"]
[Site "London ENG"]
[Date "2016.12.12"]
[Round "5.48"]
[White "Sun, Xinyue"]
[Black "Cordes, Hans-Joerg"]
[Result "1-0"]
[BlackTitle "FM"]
[WhiteElo "2082"]
[BlackElo "2259"]
[WhiteFideId "8600813"]
[BlackFideId "4602234"]
[EventDate "2016.12.09"]

1. e4 e6 2. d4 d5 3. Nc3 Nf6 4. e5 Nfd7 5. f4 c5 6. Nf3 Nc6 7. Be3 Be7 8. Qd2
O-O 9. dxc5 Bxc5 10. O-O-O Qa5 11. a3 Be7 12. h4 Rb8 13. Kb1 b5 14. Nd4 Qc7 15.
Ncxb5 Qb7 16. Qc3 Bc5 17. Nxc6 Qxc6 18. b4 Ba6 19. Bxc5 Bxb5 20. Bxb5 Rxb5 21.
Bd4 Qb7 22. f5 a5 23. Qg3 Qc7 24. f6 g6 25. h5 Rc8 26. Qd3 axb4 27. hxg6 bxa3+
28. Ka1 Rb2 29. gxf7+ Kf8 30. Qxa3+ 1-0

[Event "London Classic Open 2016"]
[Site "London ENG"]
[Date "2016.12.12"]
[Round "5.49"]
[White "Vardan, Nagpal"]
[Black "Rydstrom, Tom"]
[Result "0-1"]
[BlackTitle "FM"]
[WhiteElo "2079"]
[BlackElo "2239"]
[WhiteFideId "25089544"]
[BlackFideId "1714830"]
[EventDate "2016.12.09"]

1. d4 Nf6 2. c4 c6 3. Nf3 d5 4. Nc3 e6 5. cxd5 exd5 6. Qc2 Be7 7. Bg5 O-O 8. e3
Re8 9. Bd3 Nbd7 10. h3 Nf8 11. Bf4 Ne6 12. Bh2 g6 13. O-O-O b5 14. Kb1 a5 15.
Ne5 Bb7 16. f4 Ng7 17. g4 a4 18. f5 Nd7 19. Rdf1 Nxe5 20. Bxe5 Bd6 21. Bxd6 Qxd6
22. e4 b4 23. e5 b3 24. Qf2 bxa2+ 25. Nxa2 Qc7 26. h4 Ba6 27. Bxa6 Rxa6 28. h5
Rb8 29. hxg6 Rab6 30. gxf7+ Qxf7 31. Rh2 Qb7 32. Rd1 a3 33. Rd2 Qa6 34. Qf3 Rb3
35. Qd1 Qa4 36. Qc1 axb2 37. Qe1 Ra8 38. Rxb2 Qxa2+ 39. Kc1 Qa1+ 0-1

[Event "London Classic Open 2016"]
[Site "London ENG"]
[Date "2016.12.12"]
[Round "5.50"]
[White "Chan, Kim Yew"]
[Black "Dushyant, Sharma"]
[Result "1-0"]
[WhiteElo "2231"]
[BlackElo "2066"]
[WhiteFideId "5717981"]
[BlackFideId "25065130"]
[EventDate "2016.12.09"]

1. d4 Nf6 2. c4 e6 3. g3 Bb4+ 4. Bd2 a5 5. Nf3 d6 6. Bg2 Nc6 7. Nc3 e5 8. Nd5
Bxd2+ 9. Qxd2 O-O 10. O-O Re8 11. Nxf6+ Qxf6 12. d5 Ne7 13. e4 Ng6 14. Ne1 Qe7
15. Nd3 f5 16. exf5 Bxf5 17. Rae1 Qf7 18. f4 Bxd3 19. Qxd3 exf4 20. Re6 Kh8 21.
Qe4 Rf8 22. h4 Qf5 23. Qxf5 Rxf5 24. Be4 Rf7 25. Bxg6 hxg6 26. Rxf4 Raf8 27.
Rxf7 Rxf7 28. Rxg6 Re7 29. Re6 Rxe6 30. dxe6 Kg8 31. Kf2 Kf8 32. Ke3 Ke7 33. Ke4
Kxe6 34. g4 c6 35. b3 Kf6 36. a3 Ke6 37. h5 Kf6 38. Kf4 Ke6 39. g5 Ke7 40. Kf5
Kf7 41. g6+ Ke7 42. Kg5 Kf8 43. h6 gxh6+ 44. Kxh6 Kg8 45. Kg5 Kg7 46. Kf5 d5 47.
cxd5 cxd5 48. Ke5 Kxg6 49. Kxd5 Kf5 50. a4 Kf4 51. Kc5 Ke5 52. Kb6 Kd4 53. Kxb7
Kc3 54. Kb6 Kxb3 55. Kxa5 1-0

[Event "London Classic Open 2016"]
[Site "London ENG"]
[Date "2016.12.12"]
[Round "5.51"]
[White "Abrahams, Daniel"]
[Black "Kett, Tim"]
[Result "1-0"]
[WhiteElo "2071"]
[BlackElo "2228"]
[WhiteFideId "2606879"]
[BlackFideId "1801210"]
[EventDate "2016.12.09"]

1. e4 e5 2. Nf3 Nc6 3. Bb5 Nge7 4. O-O g6 5. Re1 Bg7 6. c3 O-O 7. d4 exd4 8.
Nxd4 d5 9. Nxc6 bxc6 10. Ba4 Be6 11. Nd2 Rb8 12. Nb3 dxe4 13. Qxd8 Rfxd8 14. Bg5
Re8 15. Rxe4 Bxb3 16. Bxb3 Nd5 17. Rae1 Rxe4 18. Rxe4 h6 19. Bd2 Rd8 20. f3 Bf8
21. Be1 Bc5+ 22. Bf2 Bxf2+ 23. Kxf2 Kg7 24. Rd4 Rd6 25. Ra4 g5 26. g3 f5 27.
Rxa7 Rd7 28. Bxd5 cxd5 29. Ke3 f4+ 30. gxf4 Re7+ 31. Kf2 gxf4 32. Ra4 Rf7 33.
Rd4 c6 34. a4 Kg6 35. a5 Kf5 36. Ra4 Ke5 37. Ke2 c5 38. b4 d4 39. a6 Ra7 40. b5
dxc3 41. b6 Rd7 42. b7 1-0

[Event "London Classic Open 2016"]
[Site "London ENG"]
[Date "2016.12.12"]
[Round "5.52"]
[White "Boel, Marcel"]
[Black "Stanisz, Patryk"]
[Result "1-0"]
[WhiteElo "2219"]
[BlackElo "2064"]
[WhiteFideId "1008870"]
[BlackFideId "1123106"]
[EventDate "2016.12.09"]

1. e4 c5 2. Nf3 Nc6 3. Bb5 g6 4. O-O Bg7 5. c3 Nf6 6. Re1 O-O 7. h3 a6 8. Ba4 b5
9. Bc2 e5 10. d4 cxd4 11. cxd4 d6 12. d5 Nb4 13. Bb3 a5 14. a3 Na6 15. Nc3 Bd7
16. Bd2 Ne8 17. Bc2 h6 18. Ne2 f5 19. exf5 gxf5 20. Qc1 Rc8 21. Nc3 e4 22. Nh2
Qh4 23. Qd1 Nc5 24. Qe2 b4 25. axb4 axb4 26. Na4 Bxa4 27. Bxa4 Nd3 28. Reb1 Nxb2
29. Bxb4 Nd3 30. Bd7 Rb8 31. Bd2 Nc7 32. Rxb8 Rxb8 33. Ra7 Nb5 34. Be6+ Kh8 35.
Rxg7 Kxg7 36. Bxf5 Rf8 37. Bxe4 Ne5 38. g3 Nd4 39. Qe3 Qf6 40. Qxd4 Kg8 41. Bc3
Qg5 42. Ng4 Rf3 43. Kg2 1-0

[Event "London Classic Open 2016"]
[Site "London ENG"]
[Date "2016.12.12"]
[Round "5.53"]
[White "Seymour, Timothy P"]
[Black "Grant, Jonathan I M"]
[Result "1/2-1/2"]
[WhiteElo "2060"]
[BlackElo "2218"]
[WhiteFideId "412112"]
[BlackFideId "2400294"]
[EventDate "2016.12.09"]

1. e4 c6 2. Nc3 d5 3. Nf3 Bg4 4. h3 Bxf3 5. Qxf3 e6 6. Be2 Nd7 7. O-O Ngf6 8. d4
dxe4 9. Nxe4 Nxe4 10. Qxe4 Nf6 11. Qd3 Be7 12. c4 O-O 13. Be3 Qc7 14. Bf3 Rfd8
15. Qc3 Rd7 16. Rfd1 Rad8 17. Rac1 Qb8 18. a4 Rc8 19. b4 Qc7 20. a5 a6 21. g3
Qd8 22. Kg2 Qf8 23. Rb1 Ne8 24. Qb3 Nd6 25. g4 h6 26. Bf4 Kh8 27. Rd3 Qd8 28.
Rbd1 Bf6 29. Be3 Bg5 30. d5 cxd5 31. cxd5 e5 32. Bb6 Qe8 33. Rc3 Bf6 34. Be2 e4
35. Rc5 Bg5 36. Qc3 e3 37. Rxc8 Nxc8 38. Bxe3 Bxe3 39. fxe3 Nd6 40. Bf3 Nb5 41.
Qd2 Qe5 42. Rc1 g6 43. Rc5 Kh7 44. Be2 Qe4+ 45. Bf3 Qe5 46. Be2 Qe4+ 47. Bf3 Qe5 1/2-1/2

[Event "London Classic Open 2016"]
[Site "London ENG"]
[Date "2016.12.12"]
[Round "5.54"]
[White "Willmoth, Robert F"]
[Black "Mladek, Richard"]
[Result "0-1"]
[WhiteTitle "CM"]
[WhiteElo "2216"]
[BlackElo "2024"]
[WhiteFideId "402540"]
[BlackFideId "386588"]
[EventDate "2016.12.09"]

1. Nf3 Nf6 2. b3 g6 3. Bb2 Bg7 4. g3 O-O 5. Bg2 d6 6. d4 Nbd7 7. O-O c5 8. c4
cxd4 9. Nxd4 Nc5 10. Nc3 Qb6 11. Qd2 Bd7 12. e3 a5 13. Nd5 Nxd5 14. cxd5 Rfc8
15. Rfc1 a4 16. b4 a3 17. bxc5 Qxb2 18. Qd3 dxc5 19. Nb3 c4 20. Rxc4 Rxc4 21.
Qxc4 Rc8 22. Qf4 Qxa1+ 23. Nxa1 Rc1+ 24. Bf1 Bh3 0-1

[Event "London Classic Open 2016"]
[Site "London ENG"]
[Date "2016.12.12"]
[Round "5.55"]
[White "Czajkowski, Adam"]
[Black "Iyengar, Ilya"]
[Result "1-0"]
[WhiteElo "2212"]
[BlackElo "2008"]
[WhiteFideId "1151932"]
[BlackFideId "405949"]
[EventDate "2016.12.09"]

1. e4 c5 2. Nf3 e6 3. d4 cxd4 4. Nxd4 Nf6 5. Nc3 d6 6. g4 h6 7. h3 Nc6 8. Bg2 a6
9. O-O Qc7 10. Kh1 Be7 11. Be3 Bd7 12. f4 Nxd4 13. Qxd4 Bc6 14. Rad1 Nd7 15. a4
b5 16. axb5 axb5 17. Rf2 Qb7 18. Nd5 Bxd5 19. exd5 e5 20. Qe4 Ra4 21. b4 Bd8 22.
fxe5 Nxe5 23. Bc5 Bc7 24. Qxe5+ dxe5 25. d6 e4 26. d7+ Kd8 27. Rxf7 Bd6 28. Bxd6
Ra1 29. Rxa1 Qd5 30. Rxg7 Qxd6 31. Ra8+ Kc7 32. d8=Q+ 1-0

[Event "London Classic Open 2016"]
[Site "London ENG"]
[Date "2016.12.12"]
[Round "5.56"]
[White "Jamroz, Krzysztof"]
[Black "Thuesen, Mogens"]
[Result "0-1"]
[WhiteElo "2045"]
[BlackElo "2212"]
[WhiteFideId "1111850"]
[BlackFideId "1400878"]
[EventDate "2016.12.09"]

1. e4 b6 2. d4 Bb7 3. Nc3 e6 4. Nf3 Bb4 5. Bd3 Nf6 6. Qe2 d5 7. exd5 Qxd5 8. Bd2
Qh5 9. a3 Bxc3 10. Bxc3 Bxf3 11. gxf3 Nbd7 12. O-O-O O-O 13. Rdg1 Rfe8 14. h4 h6
15. Rg3 e5 16. Qd1 e4 17. Be2 Nd5 18. Bd2 e3 19. fxe3 Nxe3 20. Bxe3 Rxe3 21. Qg1
Rxe2 22. Rxg7+ Kh8 23. Qg3 Qf5 0-1

[Event "London Classic Open 2016"]
[Site "London ENG"]
[Date "2016.12.12"]
[Round "5.57"]
[White "Haessel, Dale R."]
[Black "Stolarczyk, Anna"]
[Result "1/2-1/2"]
[WhiteTitle "FM"]
[BlackTitle "WCM"]
[WhiteElo "2208"]
[BlackElo "1992"]
[WhiteFideId "2012618"]
[BlackFideId "1126423"]
[EventDate "2016.12.09"]

1. d4 d5 2. c4 c6 3. Nc3 Nf6 4. e3 e6 5. Nf3 Nbd7 6. Qc2 Bd6 7. b3 O-O 8. Be2
Re8 9. O-O dxc4 10. bxc4 e5 11. Rd1 Qc7 12. g3 a6 13. c5 Bf8 14. Bc4 b5 15. cxb6
Nxb6 16. Be2 exd4 17. Nxd4 c5 18. Nf3 Bb7 19. Bb2 Nc4 20. Bxc4 Bxf3 21. Rd2 Qc8
22. Nd5 Ne4 23. Nb6 Qc6 24. Nxa8 Nxd2 25. Qxd2 Rxa8 26. h3 Be7 27. Be2 Bh1 28.
Bf1 Bf3 29. Rc1 Rd8 30. Qc2 Be4 31. Qc4 a5 32. Bc3 a4 33. a3 h6 34. Be2 Bh1 35.
Bf1 Bf3 36. Be2 Bd5 37. Qg4 Bf6 38. Bxf6 Qxf6 39. Qxa4 Ra8 40. Qc2 Rxa3 41. Qxc5
Ra1 42. Bd3 g6 43. e4 Be6 44. Rxa1 Qxa1+ 45. Kh2 h5 46. Qc7 Qe1 47. Qd8+ Kg7 48.
Qd4+ Kg8 49. Qf6 Qd1 50. Bb5 Kh7 51. Bc6 Qd3 52. e5 Qd2 53. Kg2 Qe1 54. Qf4 Kg7
55. Qe4 Qd1 56. Qf3 Qd4 57. Qf4 Qxf4 58. gxf4 h4 59. Bf3 Kh6 60. Bg4 Bd5+ 61.
Kf1 Kg7 62. f5 f6 63. e6 gxf5 64. Bxf5 Kf8 65. Ke2 Ke7 66. Ke3 Bb3 67. Kf4 Bd1
68. f3 Bb3 69. Bg4 Bxe6 70. Bxe6 Kxe6 71. Kg4 Ke5 1/2-1/2

[Event "London Classic Open 2016"]
[Site "London ENG"]
[Date "2016.12.12"]
[Round "5.58"]
[White "Fischer, Daniel"]
[Black "Moravec, Vit"]
[Result "0-1"]
[WhiteElo "2024"]
[BlackElo "2205"]
[WhiteFideId "1328360"]
[BlackFideId "331481"]
[EventDate "2016.12.09"]

1. e4 e6 2. d4 d5 3. Nd2 dxe4 4. Nxe4 Bd7 5. Nf3 Bc6 6. Bd3 Nd7 7. O-O Ngf6 8.
Nxf6+ Qxf6 9. Re1 Bxf3 10. Qxf3 Qxf3 11. gxf3 O-O-O 12. c3 Bd6 13. Bg5 Rde8 14.
Kg2 h6 15. Bh4 f5 16. h3 g5 17. Bg3 f4 18. Bh2 e5 19. d5 Nf6 20. Bf5+ Kd8 21. c4
Bc5 22. Re2 Bd4 23. Rg1 Ref8 24. Be6 Nh5 25. h4 Ng7 26. Bh3 Nf5 27. Bxf5 Rxf5
28. Kh3 gxh4 29. Kxh4 Rg5 30. Rg4 Rf8 31. Rd2 Rff5 32. Rxg5 hxg5+ 33. Kg4 Rf8
34. Bg1 Ke7 35. b3 Kf6 36. Kh3 Rh8+ 37. Kg2 c6 38. dxc6 bxc6 39. Kf1 Ke6 40. Ke2
a5 41. Rd3 Kd6 42. Rd1 Kc5 43. Kd3 Kb4 44. Kc2 Ka3 45. Kb1 Rh1 46. Rc1 c5 47.
Re1 Rh7 48. Rd1 Rb7 49. Rd3 Rb4 50. Bh2 a4 0-1

[Event "London Classic Open 2016"]
[Site "London ENG"]
[Date "2016.12.12"]
[Round "5.59"]
[White "Millward, Kevin P"]
[Black "Lyell, Mark"]
[Result "0-1"]
[BlackTitle "FM"]
[WhiteElo "2027"]
[BlackElo "2203"]
[WhiteFideId "404721"]
[BlackFideId "402354"]
[EventDate "2016.12.09"]

1. d4 e6 2. Bf4 f5 3. Nf3 Nf6 4. e3 g6 5. Bd3 Bg7 6. Nbd2 O-O 7. h3 d6 8. Qe2
Nc6 9. c3 Qe7 10. O-O-O e5 11. dxe5 dxe5 12. Bh2 Kh8 13. Bc4 a6 14. Kb1 b5 15.
Bb3 Bb7 16. Rhg1 Nd7 17. g4 e4 18. Nd4 Nxd4 19. exd4 c5 20. dxc5 Nxc5 21. gxf5
Rxf5 22. Bc2 b4 23. f3 bxc3 24. Nxe4 Nxe4 25. fxe4 Rb5 26. b3 Qa3 27. Bd3 Rxb3+ 0-1

[Event "London Classic Open 2016"]
[Site "London ENG"]
[Date "2016.12.12"]
[Round "5.60"]
[White "Lochte, Thomas"]
[Black "Semprun Martinez, Fernando"]
[Result "1/2-1/2"]
[WhiteElo "2005"]
[BlackElo "2193"]
[WhiteFideId "4606272"]
[BlackFideId "2203170"]
[EventDate "2016.12.09"]

1. e4 c6 2. d4 d5 3. e5 Bf5 4. Ne2 e6 5. Ng3 Bg6 6. h4 h6 7. h5 Bh7 8. Bd3 Bxd3
9. Qxd3 c5 10. Qb5+ Qd7 11. Qxd7+ Kxd7 12. c3 Nc6 13. Be3 cxd4 14. cxd4 Bb4+ 15.
Nd2 Nge7 16. Rh4 Rac8 17. a3 Ba5 18. b4 Bd8 19. Nb3 b6 20. Kd2 Nf5 21. Nxf5 exf5
22. Rf4 g6 23. Rc1 Bg5 24. Rf3 Bxe3+ 25. fxe3 Ne7 26. hxg6 fxg6 27. Rff1 Ke6 28.
Kd3 g5 29. g4 Rhf8 30. Rh1 Rh8 31. Rxc8 Nxc8 32. gxf5+ Kxf5 33. Rf1+ Kg4 34. e4
dxe4+ 35. Kxe4 h5 36. Rg1+ Kh4 37. Rh1+ Kg4 38. Rg1+ Kh4 39. Rh1+ Kg3 40. Rg1+
Kh4 1/2-1/2

[Event "London Classic Open 2016"]
[Site "London ENG"]
[Date "2016.12.12"]
[Round "5.61"]
[White "Bhat, Vishal"]
[Black "Gaudeau, Valentin"]
[Result "1-0"]
[WhiteElo "1989"]
[BlackElo "2182"]
[WhiteFideId "3216330"]
[BlackFideId "662216"]
[EventDate "2016.12.09"]

1. e4 c5 2. Nf3 d6 3. Bb5+ Bd7 4. Bxd7+ Qxd7 5. c4 Nf6 6. Nc3 g6 7. d4 cxd4 8.
Nxd4 Bg7 9. f3 O-O 10. Be3 Nc6 11. O-O a6 12. a4 Rac8 13. b3 e6 14. Nxc6 Rxc6
15. Qd2 Qe7 16. Rad1 Nd7 17. Bd4 Rd8 18. Bxg7 Kxg7 19. f4 f5 20. Qe3 Nf6 21.
exf5 gxf5 22. Rfe1 Re8 23. Nd5 Qf7 24. Nb4 Rc7 25. Rxd6 Ne4 26. Rdd1 Qe7 27. Nd3
Rd8 28. Nf2 Rxd1 29. Rxd1 Nxf2 30. Qxf2 Rd7 31. Re1 Kf7 32. Qe2 Qd6 33. Qh5+ Kg7
34. Qg5+ Kf7 35. Qh6 Ke7 36. Qxh7+ Kf6 37. Qh4+ Kf7 38. Qh5+ Kf8 39. Qf3 Qb6+
40. Qe3 Qxe3+ 41. Rxe3 Kf7 42. Kf2 Rd2+ 43. Kf3 Kf6 44. h3 b5 45. axb5 axb5 46.
cxb5 Rd5 47. g4 fxg4+ 48. hxg4 Rxb5 49. g5+ Kf7 50. Kg4 Rb4 51. Kf3 Rb5 52. Ke4
Rb4+ 53. Ke5 Ke7 54. Rc3 Rb5+ 55. Ke4 Rb4+ 56. Kf3 Kf7 57. Kg3 Kg7 58. Rc7+ Kg6
59. Re7 Rxb3+ 60. Kg4 Rb4 61. Rxe6+ Kg7 62. Kf5 Kf7 63. g6+ Kg7 64. Re7+ Kf8 65.
Rf7+ Kg8 66. Kg5 Rb1 67. f5 Rb5 68. Re7 Kf8 69. g7+ Kg8 70. Kg6 Re5 71. Kf6 1-0